Общая экономическая теория Учебник
Учебник дает целостное представление о закономерностях функционирования современного рыночного хозяйства. Излагаются основополагающие вопросы политической экономии микро- и макроэкономики. Материал подан простым доступным живым образным языком понятным любому человеку со средним образованием. Соотве...
Guardat en:
| Autor principal: | |
|---|---|
| Format: | Учебник |
| Edició: | 16 |
| Col·lecció: | Высшее образование |
| Accés en línia: | https://znanium.com/catalog/document?id=430792 https://znanium.com/cover/2073/2073343.jpg |
| Etiquetes: |
Afegir etiqueta
Sense etiquetes, Sigues el primer a etiquetar aquest registre!
|
| LEADER | 03333nam0a2200517 i 4500 | ||
|---|---|---|---|
| 001 | RU\infra-m\znanium\bibl\2073343 | ||
| 003 | https://znanium.com/catalog/document?id=430792 | ||
| 005 | 20250725000000.0 | ||
| 010 | |a 978-5-16-018864-5 | ||
| 010 | |a 978-5-16-018864-5 |b электр. издание | ||
| 100 | |a 20250725d2023 m y0rusy0150 ca | ||
| 101 | 0 | |a rus | |
| 102 | |a RU | ||
| 200 | 1 | |a Общая экономическая теория |e Учебник |f Новосибирский государственный архитектурно-строительный университет (Сибстрин) | |
| 205 | |a 16 |b перераб. и доп. | ||
| 210 | 1 | |a Москва |c ООО "Научно-издательский центр ИНФРА-М" |d 2024 | |
| 215 | |a 528 с. | ||
| 225 | 1 | |a Высшее образование | |
| 330 | |a Учебник дает целостное представление о закономерностях функционирования современного рыночного хозяйства. Излагаются основополагающие вопросы политической экономии микро- и макроэкономики. Материал подан простым доступным живым образным языком понятным любому человеку со средним образованием. Соответствует требованиям федеральных государственных образовательных стандартов высшего образования последнего поколения. Для студентов обучающихся по экономическим специальностям а также для широкого круга читателей интересующихся данной темой. | ||
| 333 | |a Профессиональное образование | ||
| 606 | |a Экономика. Бухгалтерский учет. Финансы |x Общая экономическая теория |2 local | ||
| 608 | |a Учебник |2 local | ||
| 675 | |a 330.1(075.8) |z rus | ||
| 686 | |a 65.01я73 |2 rubbk | ||
| 686 | |a 38.03.01 |2 okso | ||
| 686 | |a 38.03.02 |2 okso | ||
| 686 | |a 38.03.03 |2 okso | ||
| 686 | |a 38.03.04 |2 okso | ||
| 686 | |a 38.03.05 |2 okso | ||
| 686 | |a 38.03.06 |2 okso | ||
| 686 | |a 38.03.07 |2 okso | ||
| 686 | |a 38.04.01 |2 okso | ||
| 686 | |a 38.04.02 |2 okso | ||
| 686 | |a 38.04.03 |2 okso | ||
| 686 | |a 38.04.04 |2 okso | ||
| 686 | |a 38.04.05 |2 okso | ||
| 686 | |a 38.04.06 |2 okso | ||
| 686 | |a 38.04.07 |2 okso | ||
| 686 | |a 38.04.08 |2 okso | ||
| 686 | |a 38.04.09 |2 okso | ||
| 686 | |a 38.05.01 |2 okso | ||
| 686 | |a 38.05.02 |2 okso | ||
| 700 | 1 | |a Баликоев |b В. З. |g Владимир Заурбекович |p Новосибирский государственный архитектурно-строительный университет (Сибстрин) | |
| 801 | 0 | |a RU |b Общество с ограниченной ответственностью «ЗНАНИУМ» |c 20230526 |2 rusmarc | |
| 856 | 4 | |a znanium.com |m ebs_support@infra-m.ru |n НИЦ ИНФРА-М |u https://znanium.com/catalog/document?id=430792 | |
| 856 | 4 | 1 | |a znanium.com |d /cover/2073 |f 2073343.jpg |q image/jpeg |u https://znanium.com/cover/2073/2073343.jpg |